000 02114nam a2200541 i 4500
001 38875
003 KOSZ 005
005 20190808133153.0
008 991206s1999 pl a f |000 0 pol
015 _aPB 2000/651
035 _a991012217079705066
035 _a(PL-WaBN)b13309146-48omnis_nlop
035 _ab13309146
035 _a(OCoLC)830233841
035 _a(PL)b0000001330914
035 _a(EXLNZ-48OMNIS_NETWORK)9910244748605606
040 _aWA N
_cWA N
_dKOSZ 005/HR
041 0 _apol
_beng
046 _k1999
080 _a658.5
080 _a510.5
100 1 _aNowicki, Eugeniusz
_d(1949- )
_eAutor
245 1 0 _aMetoda tabu w problemach szeregowania zadań produkcyjnych /
_cEugeniusz Nowicki.
246 1 5 _aTabu search method in job scheduling problems
260 _aWrocław :
_bOficyna Wydawnicza PW,
_c1999.
300 _a252 s. :
_bil. ;
_c24 cm.
336 _2rdacontent
_aTekst
_btxt
337 _2rdamedia
_aBez urządzenia pośredniczącego
_bn
338 _2rdacarrier
_aWolumin
_bnc
380 _aKsiążki
380 _aPublikacje naukowe
388 _a1901-2000
388 _a1989-2000
490 1 _aPrace Naukowe Instytutu Cybernetyki Technicznej Politechniki Wrocławskiej. Monografie =
_aScientific Papers of the Institute of Technical Cybernetics of the Wrocław University of Technology. Monographs,
_x0324-9786 ;
_v27
500 _aTyt. równol.: Tabu search method in job scheduling problems. - Nr serii gł.: 101.
504 _aBibliogr.
546 _aStreszcz. ang.
650 7 _aAlgorytmy
_2DBN
650 7 _aZastosowanie i wykorzystanie
650 7 _aProdukcja
_2DBN
650 7 _aOrganizacja
658 _aInżynieria i technika
830 0 _aPrace Naukowe Instytutu Cybernetyki Technicznej Politechniki Wrocławskiej ;
_v101
830 0 _aPrace Naukowe Instytutu Cybernetyki Technicznej Politechniki Wrocławskiej.
_pMonografie ;
_v27
856 _uhttp://koha.tu.koszalin.pl/cgi-bin/koha/opac-detail.pl?biblionumber=38875
_yKatalog online BPK
942 _2UKD
_cKS
999 _c38875
_d38875